[Event "10th American Continental"]
[Site "Montevideo URU"]
[Date "2015.05.16"]
[Round "2.52"]
[White "Cardoso Pimenta, Ciro Jose"]
[Black "Gomes, Marco Tulio"]
[Result "0-1"]
[WhiteElo "2066"]
[BlackElo "1883"]
[WhiteFideId "2118599"]
[BlackFideId "2115271"]
[EventDate "2015.05.15"]
[EventType "swiss"]

1. e4 c6 2. d4 d5 3. e5 Bf5 4. Nf3 e6 5. Be2 c5 6. O-O Nc6 7. Be3 cxd4 8. Nxd4
Nge7 9. Bb5 a6 10. Bxc6+ bxc6 11. Bg5 Qc7 12. Bxe7 Bxe7 13. Nxf5 exf5 14. Qe2
O-O 15. Nd2 Rfe8 16. Kh1 Bc5 17. f4 a5 18. Qd3 g6 19. Rf3 Rab8 20. b3 Bf8 21.
Rc1 Rbd8 22. Rg3 Bg7 23. Nf3 h6 24. c4 Qe7 25. c5 Kh7 26. Qd2 Ra8 27. Nd4 Qd7
28. Re3 Bf8 29. Qc2 Rab8 30. Rce1 Rb4 31. e6 fxe6 32. Nxe6 Re4 33. Nxf8+ Rxf8
34. Rxe4 fxe4 35. Qd2 Qg4 36. Qxa5 Qxf4 37. Qa6 Qf2 38. Rg1 e3 39. Qxc6 e2 40.
Qd7+ Rf7 41. Qe6 Qxg1+ 0-1

[Event "10th American Continental"]
[Site "Montevideo URU"]
[Date "2015.05.16"]
[Round "2.53"]
[White "Blanchard, Marcel"]
[Black "Ibanez, Juan Rodrigo"]
[Result "1-0"]
[BlackTitle "CM"]
[WhiteElo "1804"]
[BlackElo "2059"]
[WhiteFideId "3000214"]
[BlackFideId "3002071"]
[EventDate "2015.05.15"]
[EventType "swiss"]

1. e4 e5 2. Nf3 d6 3. d4 exd4 4. Nxd4 Nf6 5. Nc3 Be7 6. Bf4 O-O 7. Qd2 a6 8.
O-O-O b5 9. f3 c5 10. Nf5 Bxf5 11. exf5 b4 12. Nd5 Nxd5 13. Qxd5 Ra7 14. h4 Nd7
15. g4 Qa5 16. Kb1 Nb6 17. Qd2 Na4 18. g5 d5 19. Be5 f6 20. gxf6 gxf6 21. Rg1+
Kh8 22. Qh6 Rf7 23. Qh5 Bf8 24. Qg4 Bg7 25. Bf4 c4 26. h5 Nc3+ 27. Kc1 Qxa2 28.
Bxc4 Qxc4 29. bxc3 bxc3 30. Rde1 Qa4 31. Kd1 h6 32. Qg6 Rfe7 33. Bxh6 Qd4+ 34.
Kc1 Rxe1+ 35. Rxe1 1-0

[Event "10th American Continental"]
[Site "Montevideo URU"]
[Date "2015.05.16"]
[Round "2.54"]
[White "Carbone, Diego"]
[Black "Larrea, Osvaldo"]
[Result "1-0"]
[WhiteTitle "CM"]
[WhiteElo "2052"]
[BlackElo "1843"]
[WhiteFideId "3002179"]
[BlackFideId "3004546"]
[EventDate "2015.05.15"]
[EventType "swiss"]

1. Nf3 f5 2. c4 Nf6 3. Nc3 b6 4. g3 Bb7 5. Bg2 e6 6. O-O Bb4 7. d3 Bxc3 8. bxc3
O-O 9. a4 Nc6 10. Nd4 Na5 11. Bxb7 Nxb7 12. Ba3 Rf7 13. Rb1 Ne8 14. f4 c5 15.
Nf3 d6 16. e4 h6 17. Qe2 Qd7 18. e5 d5 19. cxd5 Qxd5 20. c4 Qd7 21. d4 cxd4 22.
Rfd1 Qxa4 23. Bb2 d3 24. Rxd3 Qxc4 25. Rc1 Qe4 26. Re3 Qa4 27. Rc4 Qa6 28. Qc2
Nc5 29. Ba3 Rc7 30. Rec3 Rd8 31. Bxc5 bxc5 32. Kg2 Rdc8 33. Ra4 Qb6 34. Qa2 Rb8
35. Kh3 Kf7 36. Ra6 Qb2 37. Qxe6+ Kf8 38. Nh4 Rf7 39. Rxa7 Rbb7 40. Ng6+ Kg8 41.
Qxe8+ Kh7 42. Ra6 Qe2 43. Qh8# 1-0

[Event "10th American Continental"]
[Site "Montevideo URU"]
[Date "2015.05.16"]
[Round "2.55"]
[White "Pena Canapa, Alfredo"]
[Black "De Haro, Martim Afonso Palma"]
[Result "1-0"]
[WhiteElo "1785"]
[BlackElo "2048"]
[WhiteFideId "3003140"]
[BlackFideId "2101653"]
[EventDate "2015.05.15"]
[EventType "swiss"]

1. d4 Nf6 2. Nf3 e6 3. Bg5 h6 4. Bh4 c5 5. e3 Qb6 6. Bd3 cxd4 7. exd4 Nc6 8.
Bxf6 gxf6 9. d5 Qxb2 10. Nbd2 Nb4 11. dxe6 Nxd3+ 12. cxd3 dxe6 13. O-O Qb5 14.
d4 Bd7 15. Ne4 Be7 16. Qd2 Qf5 17. Ng3 Qd5 18. Rfe1 Bc6 19. Qf4 O-O-O 20. Rac1
Kd7 21. Ne4 Rhg8 22. Rc5 Qxa2 23. Nxf6+ Kc8 24. Rxc6+ bxc6 25. Nxg8 1-0

[Event "10th American Continental"]
[Site "Montevideo URU"]
[Date "2015.05.16"]
[Round "2.56"]
[White "Hirota da Silva, Nilton"]
[Black "Rodrigues, Julliano de Araujo"]
[Result "1/2-1/2"]
[WhiteElo "2045"]
[BlackElo "1808"]
[WhiteFideId "2101700"]
[BlackFideId "2127288"]
[EventDate "2015.05.15"]
[EventType "swiss"]

1. d4 d5 2. e3 Nf6 3. f4 c5 4. Nf3 Nc6 5. c3 Bf5 6. Ne5 Qb6 7. Bd3 e6 8. g4 Nxe5
9. gxf5 Nxd3+ 10. Qxd3 c4 11. Qc2 Be7 12. fxe6 Qxe6 13. O-O O-O-O 14. b3 Ne4 15.
bxc4 dxc4 16. f5 Qc6 17. Nd2 Ng5 18. h4 h6 19. hxg5 hxg5 20. e4 Qh6 21. Kf2 1/2-1/2

[Event "10th American Continental"]
[Site "Montevideo URU"]
[Date "2015.05.16"]
[Round "2.57"]
[White "Izquierdo, Sebastian"]
[Black "Fein, Jorge"]
[Result "1-0"]
[WhiteElo "2040"]
[BlackElo "1790"]
[WhiteFideId "3001610"]
[BlackFideId "3003914"]
[EventDate "2015.05.15"]
[EventType "swiss"]

1. c4 Nf6 2. Nc3 e6 3. g3 c6 4. Bg2 g6 5. Nf3 Bg7 6. O-O O-O 7. d3 d5 8. Qc2 Na6
9. a3 Bd7 10. b4 Rc8 11. Rb1 Re8 12. Ne5 Rf8 13. Bg5 Qe8 14. Nxd7 Qxd7 15. e4
dxe4 16. Nxe4 Nxe4 17. Bxe4 f6 18. Be3 b6 19. Qa4 Nb8 20. Rbd1 c5 21. Qb3 Kh8
22. bxc5 bxc5 23. Rd2 Rc7 24. Rb1 f5 25. Bg2 h6 26. Qb5 Qxb5 27. Rxb5 Nd7 28.
Rd1 Bd4 29. Bxh6 Rb8 30. Rxb8+ Nxb8 31. Rb1 Nd7 32. Bd2 Nf6 33. h3 e5 34. Rb8+
Kg7 35. Bg5 Nh7 36. Bd8 Rd7 37. Bc6 Rf7 38. Bd5 Rd7 39. Kg2 Kh6 40. h4 Kg7 41.
a4 Nf6 42. Be6 Rd6 43. Rb7+ Kh6 44. Bxf6 Rxe6 45. Bg5+ 1-0

[Event "10th American Continental"]
[Site "Montevideo URU"]
[Date "2015.05.16"]
[Round "2.58"]
[White "Gomez Troccoli, Martin"]
[Black "Colman, Matias"]
[Result "1-0"]
[WhiteElo "1761"]
[BlackElo "2036"]
[WhiteFideId "3006778"]
[BlackFideId "3000699"]
[EventDate "2015.05.15"]
[EventType "swiss"]

1. e4 Nf6 2. Nc3 e5 3. Nf3 Nc6 4. Bc4 Bb4 5. d3 d6 6. h3 O-O 7. O-O Be6 8. Bb3
Bxb3 9. axb3 Qe7 10. Be3 Bxc3 11. bxc3 d5 12. b4 b6 13. b5 Na5 14. exd5 Nxd5 15.
Bd2 f6 16. c4 Nf4 17. Bxa5 bxa5 18. Rxa5 g5 19. Nh2 e4 20. Re1 Qb4 21. Ra6 exd3
22. cxd3 Nxd3 23. Re3 Nf4 24. Qb3 Qd2 25. Nf1 Ne2+ 26. Kh2 Qc1 27. Rxe2 Qxf1 28.
Qf3 Qc1 29. Qd5+ Kh8 30. Rxf6 Rxf6 31. Qxa8+ Kg7 32. Re7+ Kh6 33. Qe4 Qf4+ 34.
Qxf4 Rxf4 35. Rxc7 Rxf2 36. Rxa7 Rc2 37. Rc7 Rb2 38. Rc6+ 1-0

[Event "10th American Continental"]
[Site "Montevideo URU"]
[Date "2015.05.16"]
[Round "2.59"]
[White "Idiarte Borda, Jorge"]
[Black "Toledo, Javier"]
[Result "1/2-1/2"]
[WhiteElo "2035"]
[BlackElo "1769"]
[WhiteFideId "3000842"]
[BlackFideId "3007502"]
[EventDate "2015.05.15"]
[EventType "swiss"]

1. Nf3 f5 2. d3 Nf6 3. e4 d6 4. e5 dxe5 5. Nxe5 Nbd7 6. Qe2 Nxe5 7. Qxe5 Qd6 8.
Qxd6 exd6 9. Nc3 Bd7 10. Bg5 Be7 11. O-O-O O-O-O 12. d4 h6 13. Bxf6 Bxf6 14. Nd5
Rhf8 15. Nxf6 Rxf6 16. Bd3 f4 17. Rde1 Bf5 18. Bxf5+ Rxf5 19. Re7 Rd7 20. Re6 b6
21. Rhe1 Rg5 22. g3 fxg3 23. fxg3 Rf7 24. R1e2 Kd7 1/2-1/2

[Event "10th American Continental"]
[Site "Montevideo URU"]
[Date "2015.05.16"]
[Round "2.60"]
[White "Nakle, Gonzalo"]
[Black "Beckerman, M."]
[Result "0-1"]
[WhiteElo "1737"]
[BlackElo "2025"]
[WhiteFideId "3002250"]
[BlackFideId "109070"]
[EventDate "2015.05.15"]
[EventType "swiss"]

1. e4 e5 2. Nf3 Qe7 3. Nc3 c6 4. Be2 Nf6 5. O-O g6 6. d4 d6 7. Bg5 h6 8. Be3 Bg7
9. h3 O-O 10. Qd2 Kh7 11. d5 c5 12. Ne1 Nxe4 13. Nxe4 f5 14. f3 fxe4 15. fxe4
Nd7 16. Rxf8 Bxf8 17. Nd3 Qh4 18. Bf3 Nf6 19. Bf2 Nxe4 20. Bxh4 Nxd2 21. Be2 g5
22. Bg3 Ne4 23. Bh2 Bf5 24. Rf1 Bg6 25. Bxe5 dxe5 26. Nxe5 Ng3 27. Rf6 Nxe2+ 28.
Kf2 Nf4 29. g3 Bg7 30. Rxg6 Bxe5 31. gxf4 Kxg6 0-1

[Event "10th American Continental"]
[Site "Montevideo URU"]
[Date "2015.05.16"]
[Round "2.61"]
[White "Chang, Suzana"]
[Black "Areco, Antonio"]
[Result "1/2-1/2"]
[WhiteTitle "WFM"]
[WhiteElo "2022"]
[BlackElo "1746"]
[WhiteFideId "2105985"]
[BlackFideId "139190"]
[EventDate "2015.05.15"]
[EventType "swiss"]

1. d4 Nf6 2. c4 e5 3. dxe5 Ng4 4. Nf3 Nc6 5. e3 Ngxe5 6. Nxe5 Nxe5 7. Be2 Be7 8.
O-O O-O 9. Nc3 d6 10. b3 Bf6 11. Bb2 Nc6 12. Qd2 Re8 13. Rac1 Bf5 14. Rfe1 Qd7
15. Bf1 Bg6 16. c5 Rad8 17. Red1 Qf5 18. Nd5 Bxb2 19. Qxb2 Re5 20. Bd3 Qh5 21.
Nf4 Qh4 22. cxd6 cxd6 23. g3 Qg4 24. Be2 Qd7 25. Bf3 Be4 26. Bxe4 Rxe4 27. Qe2
Qe8 28. Nd5 Nd4 29. Qb2 Nf3+ 30. Kg2 Ng5 31. h4 Rxh4 32. gxh4 Qe4+ 33. Kf1 Qh1+
34. Ke2 Qf3+ 35. Ke1 Qh1+ 36. Ke2 Qf3+ 37. Ke1 1/2-1/2

[Event "10th American Continental"]
[Site "Montevideo URU"]
[Date "2015.05.16"]
[Round "2.62"]
[White "Pereira, Armando Scharlau"]
[Black "Garcia La Rosa, Lorena Estefania"]
[Result "0-1"]
[BlackTitle "WCM"]
[WhiteElo "1717"]
[BlackElo "2017"]
[WhiteFideId "2122006"]
[BlackFideId "3901262"]
[EventDate "2015.05.15"]
[EventType "swiss"]

1. Nf3 c5 2. c4 Nc6 3. Nc3 g6 4. g3 Bg7 5. Bg2 e5 6. d3 Nge7 7. Bg5 h6 8. Bd2
O-O 9. Qc1 Kh7 10. h4 h5 11. Ng5+ Kg8 12. Nge4 d6 13. Bh6 Nf5 14. Bxg7 Kxg7 15.
Nd5 Nfd4 16. Ndf6 Bf5 17. O-O Nxe2+ 0-1

[Event "10th American Continental"]
[Site "Montevideo URU"]
[Date "2015.05.16"]
[Round "2.63"]
[White "Pinero, Ismael"]
[Black "Porteiro, Rodrigo"]
[Result "1-0"]
[WhiteTitle "CM"]
[WhiteElo "2013"]
[BlackElo "1727"]
[WhiteFideId "3004244"]
[BlackFideId "3006140"]
[EventDate "2015.05.15"]
[EventType "swiss"]

1. e4 c6 2. d4 d5 3. Nd2 dxe4 4. Nxe4 Bf5 5. Ng3 Bg6 6. h4 h6 7. h5 Bh7 8. Nf3
Nd7 9. Bd3 Bxd3 10. Qxd3 Ngf6 11. Bd2 e6 12. Qe2 Qc7 13. O-O-O O-O-O 14. Ne5
Nxe5 15. dxe5 Nd5 16. f4 Kb8 17. Ne4 Be7 18. Kb1 Qb6 19. c4 Nc7 20. Be3 c5 21.
g4 Qc6 22. Qc2 Na6 23. a3 Rxd1+ 24. Rxd1 Rd8 25. Rxd8+ Bxd8 26. Qd3 Be7 27. g5
b6 28. gxh6 gxh6 29. Ka2 Qa4 30. Kb1 Qc6 31. Bd2 Kc7 32. Ng3 Qg2 33. Ka2 Nb8 34.
f5 Bf8 35. fxe6 fxe6 36. Qh7+ Nd7 37. Ne4 Qg7 38. Qxg7 Bxg7 39. Nd6 Bxe5 40. Nf7
Bg7 41. Bf4+ e5 42. Bxh6 Bxh6 43. Nxh6 Nf6 44. Nf7 e4 45. h6 e3 46. Ng5 Nh7 47.
Nf3 Kd6 48. Kb3 Ke6 49. Kc3 Kf5 50. Kd3 Kf4 51. Ke2 Ke4 52. b3 a5 53. a4 Kf4 54.
Ne1 Kg5 55. Kxe3 Kxh6 56. Kf4 Kg6 57. Ke5 Nf6 58. Nd3 Kf7 59. Kd6 Ke8 60. Kc7
Nd7 61. Nf4 1-0

[Event "10th American Continental"]
[Site "Montevideo URU"]
[Date "2015.05.16"]
[Round "2.64"]
[White "Moccero, Eduardo"]
[Black "Chamlian, Aram"]
[Result "1-0"]
[WhiteElo "2004"]
[BlackElo "1714"]
[WhiteFideId "103373"]
[BlackFideId "3003639"]
[EventDate "2015.05.15"]
[EventType "swiss"]

1. d4 d5 2. Nf3 Nf6 3. e3 Bf5 4. c4 e6 5. Nc3 c6 6. cxd5 exd5 7. Qb3 Qc7 8. Be2
Bd6 9. Bd2 Nbd7 10. Rc1 a6 11. O-O O-O 12. a4 Ne4 13. Be1 Ndf6 14. a5 Ng4 15. h3
Ngf6 16. Na4 Rab8 17. Bb4 Rfe8 18. Bxd6 Qxd6 19. Nc5 Re7 20. Qa3 Rbe8 21. Nxe4
Qxa3 22. Nxf6+ gxf6 23. bxa3 Kh8 24. Nh4 Bc8 25. Bg4 Bxg4 26. hxg4 Re4 27. Rb1
Rxg4 28. g3 Reg8 29. Kh2 R8g5 30. Rxb7 Kg7 31. f3 Rxg3 32. Nf5+ Rxf5 33. Kxg3
Kg6 34. Rb6 h5 35. Rxa6 Rg5+ 36. Kf2 h4 37. Rg1 Kh5 38. Rxc6 Rf5 39. Rc8 1-0

[Event "10th American Continental"]
[Site "Montevideo URU"]
[Date "2015.05.16"]
[Round "2.65"]
[White "Reolon, Victor"]
[Black "Borgeaud Fuentes, Oscar"]
[Result "0-1"]
[WhiteElo "1711"]
[BlackElo "2003"]
[WhiteFideId "3002942"]
[BlackFideId "3409325"]
[EventDate "2015.05.15"]
[EventType "swiss"]

1. c4 c6 2. d4 d5 3. Nf3 Nf6 4. Nc3 dxc4 5. e4 b5 6. a3 e6 7. Bg5 Be7 8. Qc2 Bb7
9. O-O-O Nbd7 10. h3 a5 11. Kb1 b4 12. Na4 c3 13. bxc3 O-O 14. Bc1 c5 15. Nxc5
Bxc5 16. dxc5 bxc3 17. e5 Be4 18. Bd3 Qb8+ 19. Ka1 Bxd3 20. Rxd3 Nd5 21. Ng5 g6
22. Rg3 Nxc5 23. Re1 a4 24. Ne4 Nb3+ 25. Ka2 Nd4 26. Nf6+ Nxf6 27. Qxc3 Qb3+ 28.
Qxb3 axb3+ 29. Kb2 Nd5 30. Re4 Nc6 31. Rxb3 Na5 32. Rb5 Rfc8 33. Kb1 0-1

[Event "10th American Continental"]
[Site "Montevideo URU"]
[Date "2015.05.16"]
[Round "2.66"]
[White "Muzzi, Eduardo"]
[Black "Larrea, Daniela"]
[Result "1-0"]
[WhiteTitle "CM"]
[WhiteElo "1987"]
[BlackElo "1705"]
[WhiteFideId "3001253"]
[BlackFideId "3003000"]
[EventDate "2015.05.15"]
[EventType "swiss"]

1. e4 c5 2. Nf3 d6 3. d4 cxd4 4. Nxd4 Nf6 5. Nc3 g6 6. f4 Nc6 7. Nf3 Bg4 8. Be3
Bg7 9. Bd3 O-O 10. O-O Rc8 11. Qe1 Bxf3 12. Rxf3 Ng4 13. Bd2 Nb4 14. Kh1 Rc5 15.
Qh4 Nf6 16. f5 Nxd3 17. cxd3 e6 18. Bg5 Qb6 19. Na4 Qb4 20. Nxc5 Qxb2 21. Raf1
dxc5 22. fxg6 1-0

[Event "10th American Continental"]
[Site "Montevideo URU"]
[Date "2015.05.16"]
[Round "2.67"]
[White "De la Torre, Andres"]
[Black "D Andrea, Leonardo"]
[Result "0-1"]
[WhiteElo "1699"]
[BlackElo "1984"]
[WhiteFideId "3005186"]
[BlackFideId "3005232"]
[EventDate "2015.05.15"]
[EventType "swiss"]

1. g3 Nf6 2. Bg2 g6 3. d3 Bg7 4. e4 d6 5. Ne2 e5 6. O-O O-O 7. Nbc3 Be6 8. f4
Qd7 9. f5 gxf5 10. exf5 Bxf5 11. Bxb7 Bh3 12. Rxf6 Bxf6 13. Bxa8 c6 14. Ne4 Be7
15. Nf2 Be6 16. d4 f6 17. b3 d5 18. Kg2 Na6 19. Bxc6 Qxc6 20. c3 Nc7 21. Bh6 Rf7
22. Qd2 Ne8 23. Re1 Bc8 24. h3 Nd6 25. g4 f5 26. gxf5 Nxf5 27. Ng4 Nh4+ 28. Kh1
Qg6 29. Ng1 Bxg4 30. hxg4 Qxg4 31. Rxe5 Rf1 32. Rg5+ Bxg5 33. Qxg5+ Qxg5 34.
Bxg5 Rxg1+ 35. Kxg1 Nf3+ 36. Kf2 Nxg5 37. c4 dxc4 38. bxc4 Kf7 39. Kg3 Ke6 40.
Kf4 h6 41. Kg4 Kd6 42. Kh5 Nf3 43. Kxh6 Nxd4 0-1

[Event "10th American Continental"]
[Site "Montevideo URU"]
[Date "2015.05.16"]
[Round "2.68"]
[White "Cimer, Emmanuel"]
[Black "Pena, Luis"]
[Result "1-0"]
[WhiteElo "1982"]
[BlackElo "1680"]
[WhiteFideId "137073"]
[BlackFideId "3006000"]
[EventDate "2015.05.15"]
[EventType "swiss"]

1. e4 c5 2. Nf3 d6 3. Bb5+ Bd7 4. Bxd7+ Qxd7 5. O-O Nc6 6. Qe2 Nf6 7. Rd1 e6 8.
d4 cxd4 9. Nxd4 Nxd4 10. Rxd4 Qc6 11. Nc3 Rc8 12. Bg5 Be7 13. Rad1 O-O 14. Bxf6
Bxf6 15. Rxd6 Qc5 16. R6d3 b5 17. a3 g6 18. Rf3 Bg7 19. b4 Qc6 20. Nxb5 Qxc2 21.
Qxc2 Rxc2 22. Nxa7 Re2 23. Re3 Rb2 24. Red3 Bf6 25. f4 Ra8 26. e5 Be7 27. Rd7
Bxb4 28. axb4 Rxb4 29. Rd8+ Rxd8 30. Rxd8+ Kg7 31. g3 h5 32. Rd7 h4 33. Nc6 Rc4
34. Nd8 h3 35. g4 Rc1+ 36. Kf2 Rc2+ 37. Kg3 Rg2+ 38. Kxh3 1-0

[Event "10th American Continental"]
[Site "Montevideo URU"]
[Date "2015.05.16"]
[Round "2.69"]
[White "Pelaez, Diego"]
[Black "Dornelles, Marcio Neron Camargo"]
[Result "0-1"]
[WhiteElo "1567"]
[BlackElo "1980"]
[WhiteFideId "3006476"]
[BlackFideId "2146673"]
[EventDate "2015.05.15"]
[EventType "swiss"]

1. d4 Nf6 2. c4 e6 3. Nf3 Bb4+ 4. Nc3 O-O 5. a3 Bxc3+ 6. bxc3 Ne4 7. Qc2 f5 8.
g3 d6 9. Bg2 Nd7 10. Nd2 Nxd2 11. Bxd2 Nf6 12. O-O Qe8 13. Rab1 c6 14. Rfe1 e5
15. e4 fxe4 16. dxe5 dxe5 17. Bg5 Ng4 18. Re2 Qh5 19. h4 h6 20. Be3 Nf6 21. Bc5
Rf7 22. Bxe4 Nxe4 23. Qxe4 Bg4 24. Re3 Re8 25. Rbe1 Bf3 26. Qd3 e4 27. Qd4 b6
28. Bxb6 axb6 29. Qxb6 Ref8 30. Qxc6 Qg4 31. Kh2 Bg2 32. Kxg2 Rxf2+ 0-1

[Event "10th American Continental"]
[Site "Montevideo URU"]
[Date "2015.05.16"]
[Round "2.70"]
[White "Monteiro, Artur Fernando"]
[Black "Torres Acosta, Raul"]
[Result "1-0"]
[WhiteElo "1972"]
[BlackElo "1677"]
[WhiteFideId "2108380"]
[BlackFideId "3006174"]
[EventDate "2015.05.15"]
[EventType "swiss"]

1. e4 e5 2. d4 exd4 3. c3 d6 4. cxd4 Be7 5. Nc3 Nf6 6. h3 Nbd7 7. Nf3 O-O 8. Bd3
b6 9. e5 dxe5 10. dxe5 Ne8 11. Be4 Rb8 12. Qc2 g6 13. Bh6 Ng7 14. O-O-O Bb7 15.
Bxb7 Rxb7 16. Qe4 Qc8 17. Rxd7 Qxd7 18. Qxb7 Rd8 19. Rd1 Qf5 20. Nd5 Qe6 21.
Nxe7+ Qxe7 22. Rxd8+ Qxd8 23. Bg5 Qd7 24. Qa8+ Ne8 25. Bh6 Qe6 26. Kb1 Qd7 27.
a3 Qa4 28. Ng5 Qd1+ 29. Ka2 Qd7 30. Ne4 Qe6+ 31. Ka1 f5 32. exf6 Kf7 1-0

[Event "10th American Continental"]
[Site "Montevideo URU"]
[Date "2015.05.16"]
[Round "2.71"]
[White "Perez, Cecilia Manuela"]
[Black "Ruggiero, Alvaro"]
[Result "0-1"]
[BlackTitle "CM"]
[WhiteElo "1525"]
[BlackElo "1967"]
[WhiteFideId "3003191"]
[BlackFideId "3001504"]
[EventDate "2015.05.15"]
[EventType "swiss"]

1. Nf3 d5 2. g3 Nf6 3. Bg2 c6 4. O-O Bf5 5. d3 e6 6. Nbd2 Nbd7 7. Re1 Bc5 8. e3
O-O 9. h3 h6 10. e4 dxe4 11. dxe4 Bh7 12. e5 Nd5 13. Ne4 Qb6 14. Nxc5 Nxc5 15.
a3 Rad8 16. Qe2 Ne4 17. Rd1 Ndc3 18. bxc3 Nxc3 19. Rxd8 Nxe2+ 20. Kf1 Nxg3+ 0-1

[Event "10th American Continental"]
[Site "Montevideo URU"]
[Date "2015.05.16"]
[Round "2.72"]
[White "Acosta, Mariano USA"]
[Black "Montenegro, Claudia"]
[Result "1-0"]
[WhiteElo "1967"]
[BlackElo "1628"]
[WhiteFideId "2008629"]
[BlackFideId "3006719"]
[EventDate "2015.05.15"]
[EventType "swiss"]

1. d4 d5 2. Nf3 Nf6 3. c3 e6 4. Bg5 Be7 5. Nbd2 c5 6. e3 O-O 7. Bd3 Nbd7 8. O-O
b6 9. Ne5 Nxe5 10. dxe5 Nd7 11. Bf4 a5 12. Qh5 g6 13. Qe2 c4 14. Bc2 Nc5 15. Nf3
Nd3 16. Bh6 Re8 17. Rfb1 Ba6 18. Bxd3 cxd3 19. Qd2 Qc7 20. Bf4 Rec8 21. Ne1 Qc4
22. Rd1 b5 23. Nxd3 b4 24. cxb4 axb4 25. h3 Kg7 26. Bg3 Qc2 27. Ne1 Qc4 28. Nf3
Bb5 29. Nd4 Bd7 30. Qd3 Rc7 31. b3 Qc3 32. f3 Qxd3 33. Rxd3 Rc3 34. Rxc3 bxc3
35. Be1 Rc8 36. Rc1 Bb4 37. Kf2 f6 38. exf6+ Kxf6 39. Ne2 Ra8 40. Bxc3+ Bxc3 41.
Nxc3 Ra3 42. Rc2 Ke7 43. f4 Kd6 44. Ke1 h6 45. h4 Ke7 46. Kd2 Kd6 47. Kc1 Ke7
48. Kd2 Kd6 49. Kc1 Ra7 50. Kb2 Ke7 51. Ne2 Kd6 52. Rd2 Ke7 53. a4 Kf6 54. Nc3
Kf5 55. Ka3 Kg4 56. b4 Kxh4 57. b5 Kg3 58. b6 Rb7 59. a5 h5 60. Kb4 h4 61. Kc5
Kg4 62. a6 Rb8 63. b7 Kf5 64. Kb6 1-0

[Event "10th American Continental"]
[Site "Montevideo URU"]
[Date "2015.05.16"]
[Round "2.73"]
[White "Anza, Vicenzo"]
[Black "Zimmermann, Kleber Renato P."]
[Result "0-1"]
[BlackTitle "CM"]
[WhiteElo "1486"]
[BlackElo "1966"]
[WhiteFideId "3007510"]
[BlackFideId "2150050"]
[EventDate "2015.05.15"]
[EventType "swiss"]

1. e4 c5 2. Nf3 d6 3. Bb5+ Nd7 4. O-O a6 5. Be2 Ngf6 6. d3 b5 7. a4 Bb7 8. Re1
e6 9. Bg5 Be7 10. Nbd2 O-O 11. Nf1 Qc7 12. Ng3 Rac8 13. axb5 axb5 14. Qd2 Rfe8
15. Qa5 Qc6 16. d4 c4 17. d5 exd5 18. exd5 Qxd5 19. Red1 Qc6 20. Bf1 Ra8 21. Nd4
Rxa5 22. Nxc6 Rxa1 23. Nxe7+ Rxe7 24. Rxa1 h6 25. Be3 Ne5 26. Ra7 Nc6 27. Ra1
Nd5 28. Nf5 Rd7 29. Bd2 Ndb4 30. Bxb4 Nxb4 31. Ra5 Nxc2 32. Rxb5 d5 33. g3 g6
34. Nxh6+ Kg7 35. Ng4 Nd4 36. Ra5 Nf3+ 37. Kg2 d4 38. Kh3 f5 39. Ne5 Nxe5 40.
Rxe5 Kf6 41. Rc5 Rh7# 0-1

[Event "10th American Continental"]
[Site "Montevideo URU"]
[Date "2015.05.16"]
[Round "2.74"]
[White "Diaz, Maria M.A."]
[Black "Perez, Jose Luis"]
[Result "1-0"]
[WhiteTitle "WFM"]
[WhiteElo "1963"]
[BlackElo "1543"]
[WhiteFideId "7500114"]
[BlackFideId "3001466"]
[EventDate "2015.05.15"]
[EventType "swiss"]

1. d4 d5 2. c4 c6 3. Nc3 Nf6 4. Nf3 dxc4 5. a4 Bf5 6. e3 e6 7. Bxc4 Bb4 8. O-O
Nbd7 9. Nd2 Qc7 10. f3 Bd6 11. f4 Ng4 12. Qf3 h5 13. h3 g5 14. Nde4 Be7 15. hxg4
hxg4 16. Qg3 Nb6 17. Bb3 Bxe4 18. Nxe4 f5 19. fxg5 Qxg3 20. Nxg3 Nd5 21. e4 Bd6
22. exd5 Bxg3 23. dxc6 O-O-O 24. Bxe6+ Kc7 25. Bf4+ 1-0

[Event "10th American Continental"]
[Site "Montevideo URU"]
[Date "2015.05.16"]
[Round "2.75"]
[White "Ibanez, Marcelo"]
[Black "Rodriguez Fuentealba, Diego"]
[Result "1-0"]
[WhiteElo "1963"]
[BlackElo "1522"]
[WhiteFideId "3002691"]
[BlackFideId "3422704"]
[EventDate "2015.05.15"]
[EventType "swiss"]

1. e4 e5 2. Nc3 Nc6 3. Bc4 Nf6 4. d3 Bc5 5. Bg5 d6 6. Nf3 Be6 7. Nd5 Rg8 8. c3
h6 9. Bxf6 gxf6 10. b4 Bb6 11. Rg1 Bxd5 12. Bxd5 Qd7 13. a4 a5 14. b5 Nd8 15.
Qd2 Rh8 16. Nh4 c6 17. Bc4 d5 18. bxc6 bxc6 19. exd5 cxd5 20. Bb5 Nc6 21. Rb1
Qc7 22. Nf5 h5 23. Qb2 Rb8 24. Qa3 Rb7 25. Nd6+ Kd8 26. Nxb7+ 1-0

[Event "10th American Continental"]
[Site "Montevideo URU"]
[Date "2015.05.17"]
[Round "3.1"]
[White "Pichot, Alan"]
[Black "Granda Zuniga, Julio E"]
[Result "1-0"]
[WhiteTitle "IM"]
[BlackTitle "GM"]
[WhiteElo "2504"]
[BlackElo "2650"]
[WhiteFideId "110973"]
[BlackFideId "3800024"]
[EventDate "2015.05.15"]
[EventType "swiss"]

1. e4 e5 2. Nf3 Nc6 3. Bb5 a6 4. Ba4 Nf6 5. O-O Be7 6. Re1 b5 7. Bb3 d6 8. c3
O-O 9. h3 Nd7 10. d4 Bf6 11. a4 Bb7 12. d5 Ne7 13. axb5 axb5 14. Rxa8 Bxa8 15.
Na3 Qb8 16. Nxb5 1-0